| 000 | 00877cam a2200313 4500 | ||
|---|---|---|---|
| 001 | 4127143 | ||
| 003 | OSt | ||
| 005 | 20140310184456.0 | ||
| 008 | 700507s1969 nyua j 000 1 eng | ||
| 010 | _a 76077423 | ||
| 020 | _a9780590430128 | ||
| 040 |
_aDLC _cDLC _dDLC |
||
| 042 | _alcac | ||
| 050 | 0 | 0 |
_aPZ 10.3 _b.L6465Al 1969 |
| 100 | 1 |
_aLionni, Leo, _d1910-1999. _928354 |
|
| 245 | 1 | 0 |
_aAlexander and the wind-up mouse / _cLeo Lionni. |
| 260 |
_aNew York : _bPantheon, _c1969. |
||
| 300 |
_bcol. ill. ; _c23 cm. |
||
| 350 | _a3.95 | ||
| 521 | _aG2 | ||
| 526 | _c490 | ||
| 650 | 1 |
_aMice _xFiction. _928355 |
|
| 655 | 7 |
_aJuvenile literature _y1969. _2rbgenr _928356 |
|
| 906 |
_a7 _bcbc _corignew _d1 _encip _f19 _gy-genrareb |
||
| 942 |
_2lcc _cBK-SCHOLAS |
||
| 999 |
_c34658 _d34658 |
||